| 000 | 01098cam a2200133 4500500 | ||
|---|---|---|---|
| 005 | 20260405085519.0 | ||
| 041 | _afre | ||
| 042 | _adc | ||
| 100 | 1 | 0 |
_aClair, Isabelle _eauthor |
| 245 | 0 | 0 | _aLes jeunes et l'amour dans les cités |
| 260 |
_bArmand Colin,
_c2008. |
||
| 520 | _aCe livre né d’une vaste enquête de terrain nous offre le "roman amoureux" des jeunes des cités. Au fil des témoignages recueillis, toute une mythologie se voit sérieusement relativisée. Néanmoins si les filles sont "tenues" par les logiques de la "réputation", elles savent en jouer volontiers stigmatisés. Compte tenu de la place de cette jeunesse des cités dans les générations montantes, les conclusions de ce livre sont particulièrement intéressantes pour comprendre les évolutions à venir des logiques de couple en France. Et répondre à la question qu’on se pose : est-on vraiment menacés d’une régression sensible en matière de statut de la femme ? | ||
| 856 | 4 | 1 | _uhttps://shs.cairn.info/les-jeunes-et-lamour-dans-les-cites--9782200351151?lang=fr&redirect-ssocas=7080 |
| 999 |
_c2198190 _d2198190 |
||